Қасқыр-тiрлiк (Бичлэгийн дугаар. 1156068)
[ энгийн харах ]
| 000 -Удирдлага | |
|---|---|
| Ном зүйн бүртгэл тоо буюу кодлох утгыг агуулсан | 00677nam a22002057a 4500 |
| 003 - ХЯНАЛТЫН ТОО ТОДОРХОЙЛОГЧ | |
| Код | MN-UlNLM |
| 005 - ХАМГИЙН СҮҮЛИЙН ҮЕИЙН ХЭЛЦЛИЙН ОГНОО БА ЦАГ | |
| Тухайн бичилтийг бичсэн засварласан сүүлийн огноо. | 20260302112618.0 |
| 008 - ЕРӨНХИЙ МЭДЭЭЛЭЛ-ЭЛЕМЕНТҮҮДИЙН ӨГӨГДЛИЙН УРТ | |
| fixed length control field | 260302b mp ||||| |||| 00| 0 mon d |
| 020 ## - ОЛОН УЛСЫН СТАНДАРТ НОМЫН ДУГААР-ISBN | |
| Олон Улсын Стандарт Номын Дугаар | 9786012715064 |
| 040 ## - ЭХ СУРВАЛЖИЙГ ТОДОРХОЙЛОН БИЧИХ | |
| Анхны каталогийн байгууллага | Баян-Өлгий аймаг төв номын сан |
| Каталогийн хэл | Казак |
| Бичлэг хийж нэвтрүүлэх байгууллага | MN-UlNLM |
| Өөрчлүүлэх байгууллага | MN-UlNLM |
| Бичиглэлийн тодорхойлолт | rda |
| 084 ## - БУСАД АНГИЛЛЫН ДУГААР | |
| Ангиллын нэр | Номын сан номзүйн ангилал |
| Анги | 84(5Каз) |
| Зохиогчийн 3-н тэмдэгт | Қ39 |
| Шинжлэх ухааны мэдлэгийн салбар | Уран зохиол - 84 |
| 100 ## - ЗОХИОГЧИЙН ХЭСЭГ | |
| Зохиогчийн нэр | Қаңтарбаев.Э, |
| Зохиогчийн бүтэн овог нэр | (Элiбек) |
| 245 ## - ҮНДСЭН ГАРЧИГ | |
| Гарчиг | Қасқыр-тiрлiк |
| 264 ## - ГАРАЛТЫН МЭДЭЭ | |
| Хэвлэгдсэн газар | Астана: |
| Бүтээгч, хэвлэгч, түгээгч, үйлдвэрлэгчийн нэр | (Фолиант) |
| Хэвлэгдсэн он | 2022. |
| 300 ## - ТООНЫ МЭДЭЭ | |
| Хуудасны тоо | 432 хуудастай: |
| Хэмжээ | 25см |
| 336 ## - АГУУЛГЫН ТӨРӨЛ | |
| Нөөц | rdaconnect |
| Агуулгын төрлийн нөхцөл | text |
| Агуулгын төрлийн код | txt |
| 337 ## - MEDIA TYPE | |
| Эх сурвалж | rdamedia |
| Файлын төрөл | unmediated |
| Файлын код | n |
| 338 ## - CARRIER TYPE | |
| Source | rdacarrier |
| Carrier type term | volume |
| Carrier type code | nc |
| 942 ## - ЭЛЕМЕНТИЙН ТӨРӨЛ | |
| Анги | Номын сан номзүйн ангилал |
| Төрөл | Ном |
| Буцаан татагдсан төлөв | Хасагдсан шалтгаан | Гэмтсэн төлөв | Данс заагч | Захиалах боломжгүй | Үндсэн номын сан | Одоогийн байршил | Салбар танхим | Салбар танхим | Бүртгэсэн огноо | Бүрдүүлэлтийн эх үүсвэр | Тавиурын заалт | Баркод | Үнэ | Хамгийн сүүлд байсан огноо | Нийт уншлаганд гарсан тоо | Дансны дугаар | Ангиллын нэр | Төрөл |
|---|---|---|---|---|---|---|---|---|---|---|---|---|---|---|---|---|---|---|
| Баян-Өлгий аймаг | Баян-Өлгий аймаг | Баян-Өлгий | Гэрээр ном олгох | Баян-Өлгий | Гэрээр ном олгох | 2026-03-02 | Бэлэг, хандив | 84(5Каз) Қ39 | BU0188851172 | 20000.00 | 2026-03-02 | 51172 | Номын сан номзүйн ангилал | Ном |